LEADER 02422nam2 2200505 i 450 001 VAN0125123 005 20230628122421.916 017 70$2N$a9789811078262 100 $a20191030d2018 |0itac50 ba 101 $aeng 102 $aSG 105 $a|||| ||||| 200 1 $aˆVol. 2: ‰Biostatistical Analysis of Clinical Trials$fKarl E. Peace, Ding-Geng Chen, Sandeep Menon editors 210 $aSingapore$cSpringer$d2018 215 $axiii, 245 p.$cill.$d24 cm 410 1$1001VAN0113306$12001 $aICSA book series in statistics$1210 $aBerlin [etc.]$cSpringer$d2015- 461 1$1001VAN0125125$12001 $aBiopharmaceutical Applied Statistics Symposium$fKarl E. Peace, Ding-Geng Chen, Sandeep Menon editors$1210 $aSingapore$cSpringer$d2018$1215 $avolumi$cill.$d24 cm$v2 500 1$3VAN0236148$aBiopharmaceutical Applied Statistics Symposium. Vol. 2, Biostatistical Analysis of Clinical Trials$92789720 606 $a92B15$xGeneral Biostatistics [MSC 2020]$3VANC026442$2MF 610 $aBayesian Subgroup Analysis$9KW:K 610 $aEndometrial Hyperplasia$9KW:K 610 $aEvidence of Disease Activity-Free$9KW:K 610 $aGeneralized Tests$9KW:K 610 $aNetwork Meta-analysis$9KW:K 610 $aRandomized Clinical Trials$9KW:K 610 $aSafety Signals$9KW:K 610 $aScore-based Methods$9KW:K 610 $aStatistics$9KW:K 610 $aSurrogate Biomarker$9KW:K 610 $aTreatment of Missing Data$9KW:K 620 $aSG$dSingapore$3VANL000061 702 1$aChen$bDing-Geng$3VANV087682 702 1$aMenon$bSandeep$3VANV096583 702 1$aPeace$bKarl E.$3VANV096582 712 $aSpringer $3VANV108073$4650 790 1$aPeace, K.E.$zPeace, Karl E.$3VANV214340 790 1$aPeace, K. E.$zPeace, Karl E.$3VANV214341 801 $aIT$bSOL$c20240802$gRICA 856 4 $uhttp://doi.org/10.1007/978-981-10-7826-2$zE-book ? Accesso al full-text attraverso riconoscimento IP di Ateneo, proxy e/o Shibboleth 899 $aBIBLIOTECA DEL DIPARTIMENTO DI MATEMATICA E FISICA$1IT-CE0120$2VAN08 912 $fN 912 $aVAN0125123 950 $aBIBLIOTECA DEL DIPARTIMENTO DI MATEMATICA E FISICA$d08CONS e-book 1052 $e08eMF1052 20191030 996 $aBiopharmaceutical Applied Statistics Symposium. Vol. 2, Biostatistical Analysis of Clinical Trials$92789720 997 $aUNICAMPANIA LEADER 02517nam0 22005413i 450 001 CFI0181337 005 20251003044130.0 010 $a8842033812 100 $a19920510d1989 ||||0itac50 ba 101 | $aita$cita 102 $ait 181 1$6z01$ai $bxxxe 182 1$6z01$an 183 1$6z01$anc$2RDAcarrier 200 1 $aNuove tecnologie e disoccupazione$fPaolo Sylos Labini 210 $aRoma$aBari$cLaterza$d1989 215 $aXIX, 238 p.$d21 cm 225 | $aSagittari Laterza$v23 410 0$1001CFI0014078$12001 $aSagittari Laterza$v23 500 10$aNuove tecnologie e disoccupazione$3UBO4896581$9CFIV002360$9612804 606 $aLavoro e automazione$2FIR$3CFIC009656$9I 620 $aIT$dRoma$3LO1L002924 676 $a331.13$9DISFUNZIONI DEL MERCATO DEL LAVORO$v21 676 $a331.137$9Economia del lavoro. Disoccupazione.$v19 676 $a331.137$9DISFUNZIONI DEL MERCATO DEL LAVORO. DISOCCUPAZIONE$v21 676 $a331.137042$9Economia del lavoro. Disoccupazione tecnologica$v21 686 $a430.6$cLAVORO 1968-1989$2R 686 $a430.9$cTECNOLOGIA E RICERCA SCIENTIFICA 1968-1989$2R 686 $a431.0$cSVILUPPO ECONOMICO 1968-1989$2R 686 $a431.1$cECONOMIE IN VIA DI SVILUPPO 1968-1989$2R 686 $aIT/443.9$cTECNOLOGIA E RICERCA SCIENTIFICA ITALIA 1968-1989$2R 686 $aIT/4436.2$cLAVORO FORME CONDIZIONI MERCATO ITALIA 1968-1989$2R 696 $aLavoro$aAutomazione 699 $aLavoro e automazione$xLavoro$xAutomazione 700 1$aSylos Labini$b, Paolo$3CFIV002360$4070$0183308 801 3$aIT$bIT-000000$c19920510 850 $aIT-BN0095 $aIT-NA0457 $aIT-NA0079 $aIT-NA0581 $aIT-NA0075 $aIT-AV0045 901 $bNAP MV$cR $nSala Padri 901 $bNAP FC$cCONTINUAZ.$n$ 901 $bNAP BN$cMAGAZZINO $nmagazzini correnti divisi per anni 901 $bNAP BI$cSALA 1 $nLibri da 1 a 960 901 $bNAP FC$cFONDO $n$ 901 $bNAP 01$cPOZZO LIB.$nVi sono collocati fondi di economia, periodici di ingegneria e scienze, periodici di economia e statistica e altri fondi comprendenti documenti di economia pervenuti in dono. 912 $aCFI0181337 950 0$aBiblioteca Centralizzata di Ateneo$c1 v.$d 01POZZO LIB.ECON MON 5169$e 0101 0000256025E VMA 1 v.$fB $h20210407$i20210407 977 $a 01$a BI$a BN$a FC$a GE$a MV 996 $aNuove tecnologie e disoccupazione$9612804 997 $aUNISANNIO